| 000 | 00000nas 2200000za 4500 |
| 001 | 9.854394 |
| 003 | CaOODSP |
| 005 | 20221107155043 |
| 007 | cr ||||||||||| |
| 008 | 180327d19671970oncar p o f0###b0fre|d |
| 040 | |aCaOODSP|bfre |
| 043 | |an-cn--- |
| 086 | 1 |aR1-93F-PDF |
| 110 | 1 |aCanada.|bAffaires indiennes et du Nord. |
| 245 | 00|aRapport annuel |h[ressource électronique] / |cMinistère des Affaires indiennes et du Nord canadien. |
| 260 | |aOttawa : |bMinistère des Affaires indiennes et du Nord canadien, |c[1967-1970] |
| 310 | |aAnnuel |
| 362 | 1 |aParaît depuis 1966/1967; ne paraît plus après 1969/1970. |
| 500 | |aPubl. aussi en anglais sous le titre : Annual report. |
| 500 | |aTitre de la couv. |
| 500 | |aTranscription des publications imprimées originales. |
| 692 | 07|2gccst|aAffaires autochtones |
| 775 | 08|tAnnual report |w(CaOODSP)9.846419 |
| 780 | 00|tRapport de la Division des affaires indiennes pour l'année financière terminée ... |w(CaOODSP)9.854388 |